000 00568nam a22001817a 4500
005 20251108172005.0
008 250721s1985 xx 000 0 ara d
082 1 4 _a956.4/حمد
100 1 _aبدر، حمدان
245 1 0 _aدور منظمة الهاغاناه في إنشاء إسرائيل /
264 1 _aعمان :
_bدار الجليل للنشر،
_c1985.
300 _a307ص
490 0 _aمن ملفات الإرهاب الصهيوني في فلسطين ؛3
650 1 7 _aتاريخ
650 1 7 _aفلسطين
942 _2ddc
_cBK
999 _c67713
_d67713